000 00414nam a22001697a 4500
005 20160613095341.0
008 160613b xxu||||| |||| 00| 0 eng d
020 _a978-014-304483-1
041 _aeng
082 _b7051
100 _aHeller, Robert
_91746
245 _aThe Winner's Manual Managing Team
260 _aLondon
_bDorling Kindely Book,
300 _a216
650 _aManagement
_9241
942 _cBK
999 _c2459
_d2458